La gestión estratégica en tiempos de cambio (Registro nro. 23236)

Detalles MARC
000 -LEADER
fixed length control field 00415 a2200121 4500
001 - CONTROL NUMBER
control field ART_8031
005 - DATE AND TIME OF LATEST TRANSACTION
control field 20260410161831.0
008 - FIXED-LENGTH DATA ELEMENTS--GENERAL INFORMATION
fixed length control field 260409a
100 1# - MAIN ENTRY--PERSONAL NAME
Personal name Freije Uriarte, Antonio
245 10 - TITLE STATEMENT
Title La gestión estratégica en tiempos de cambio
700 1# - ADDED ENTRY--PERSONAL NAME
Personal name Freije Obregón, Inmaculada
773 0# - HOST ITEM ENTRY
Title Boletín de estudios económicos
Related parts Estrategia y empresa - Vol. 55, Nº 169 (abr. 2000)
Record control number REV5142

No hay ítems disponibles.